| 000 | 00539nam a2200205Ia 4500 | ||
|---|---|---|---|
| 005 | 20250508163919.0 | ||
| 008 | 008 250505s9999 xx 000 0 eng d | ||
| 020 | _a81-7649-283-3 | ||
| 037 | _aTextual | ||
| 040 |
_aFEDL _beng _cFEDL |
||
| 041 |
_aeng _2eng |
||
| 084 |
_a320.513, BAR _qFEDL |
||
| 100 | _aBarry Norman P. | ||
| 245 | 0 | _aWelfare | |
| 250 | _a2nd | ||
| 260 |
_aNew Delhi, India _bViva Books Private Limited _c2002 |
||
| 300 | _aix,155p. | ||
| 942 |
_cTEXL _h320.513, BAR |
||
| 999 |
_c1385942 _d1385942 |
||